000 00390nam a2200145Ia 4500
008 211109s9999||||xx |||||||||||||| ||und||
082 _a230
_bCHA-C
100 _aChacko, I C
245 0 _aChristhu Sahasranamam
260 _bNATIONAL BOOKSTALL
_aKottayam
_c1900
300 _a96p.
630 _xgeneral stack
650 _aReligion
_vChristianity
_xBibleChristologyGeneralia
942 _cBOOK
999 _c89548
_d89548